000 00773nam a22001937a 4500
008 230421b |||||||| |||| 00| 0 eng d
020 _a9780674988415.
050 _aBX825.O43 2019
100 _aO'Malley W. John
_952335
245 _aWhen bishops meet;
_ban essay comparing trent,Vatican1,and Vatican ii,
_cJohn W. O'Malley.
260 _aLondon:
_bThe Belknap Press,
_c2019.
300 _a215p;
_c19cm.
650 _aCouncils and synods.
_952336
650 _aCouncil of Trent
_y1545-1563,
_zTrento Italy
_952337
650 _aVatican Council
_y1st:1869-1870
_zBasilica di San Pietro in Vticano.
_952338
650 _aVatican council
_y2nd:1962-1965
_zBasilica di San Pietro in Vaticano.
_952339
650 _aCatholic church ;
_vgovernment.
_952340
942 _2lcc
_cMONOGRAPH
999 _c131747
_d131747